The physical principles of ultra-high vacuum systems and equipment (Record no. 3808)

MARC details
000 -LEADER
fixed length control field 00531nam a2200181Ia 4500
003 - CONTROL NUMBER IDENTIFIER
control field IN-BaIIA
008 - FIXED-LENGTH DATA ELEMENTS--GENERAL INFORMATION
fixed length control field 211028s9999 xx 000 0 eng d
040 ## - CATALOGING SOURCE
Transcribing agency IIA Library
080 ## - UNIVERSAL DECIMAL CLASSIFICATION NUMBER
Universal Decimal Classification number 533.5
Item number ROB
100 ## - MAIN ENTRY--PERSONAL NAME
Personal name Robinson, Norman W
9 (RLIN) 6760
245 #4 - TITLE STATEMENT
Title The physical principles of ultra-high vacuum systems and equipment
Statement of responsibility, etc. Norman W. Robinson
260 ## - PUBLICATION, DISTRIBUTION, ETC.
Place of publication, distribution, etc. London
Name of publisher, distributor, etc. Chapman and Hall
Date of publication, distribution, etc. 1968
300 ## - PHYSICAL DESCRIPTION
Extent ix, 270p.
490 ## - SERIES STATEMENT
Series statement High-vacuum series
650 ## - SUBJECT ADDED ENTRY--TOPICAL TERM
Topical term or geographic name entry element Vacuum physics
9 (RLIN) 2238
650 ## - SUBJECT ADDED ENTRY--TOPICAL TERM
Topical term or geographic name entry element Vacuum technology
9 (RLIN) 6761
942 ## - ADDED ENTRY ELEMENTS (KOHA)
Koha item type Books
Holdings
Withdrawn status Lost status Damaged status Not for loan Home library Current library Shelving location Date acquired Cost, normal purchase price Total Checkouts Full call number Barcode Date last seen Cost, replacement price Price effective from Koha item type Purchase Price
        IIA Library-Bangalore IIA Library-Bangalore General Stacks 24/07/1971 60.75   533.5/ ROB 4252 05/11/2021 60.75 24/07/1971 Books Rs. 60.75

Powered by Koha